000 00294nam a2200121Ia 4500
008 190216s9999||||xx |||||||||||||| ||und||
100 _aSingh R S
245 0 _aIntroduction To Principles Of Plant Pathology
260 _bOxford & I B H
_c1984
300 _a534p
650 _aBotany
942 _cBK
999 _c1450
_d1450